IFFHS Top 100 best european football clubs of XX century - Statistics

General Stats
  • This quiz has been taken 97 times
  • The average score is 50 of 100
Answer Stats
Position Answer Country % Correct
1 Real Madrid Spain
99%
4 AC Milan Italy
98%
7 Ajax Netherlands
98%
3 Barcelona Spain
98%
6 Inter Milan Italy
98%
2 Juventus Italy
98%
5 Bayern Munich Germany
96%
8 Liverpool England
96%
11 Manchester United England
96%
12 Atlético Madrid Spain
95%
9 Benfica Portugal
95%
31 Arsenal England
90%
35 Chelsea England
90%
23 Borussia Dortmund Germany
88%
29 Porto Portugal
88%
17 Roma Italy
88%
10 Anderlecht Belgium
85%
= Manchester City England
85%
21 Celtic Scotland
84%
20 Tottenham Hotspur England
84%
16 Dynamo Kyiv Ukraine
83%
24 Rangers Scotland
80%
70 Aston Villa England
79%
74 Napoli Italy
77%
39 Nottingham Forest England
77%
= Paris Saint-Germain France
75%
41 PSV Netherlands
75%
27 Feyenoord Netherlands
74%
47 Sporting Lisbon Portugal
74%
= Olympique Marseille France
73%
54 Lazio Italy
70%
30 Valencia Spain
70%
40 Club Brugge Belgium
67%
88 Everton England
64%
65 Schalke 04 Germany
62%
13 Ferencvaros Hungary
60%
33 Fiorentina Italy
59%
15 Sparta Prague Czech Republic
59%
= Malmo Sweden
58%
87 Newcastle United England
57%
= Dynamo Dresden Germany
56%
19 Borussia Mönchengladbach Germany
53%
14 Leeds United England
53%
69 West Ham United England
52%
= Galatasaray Turkey
51%
38 Parma Italy
51%
45 Steaua Bucharest Romania
51%
51 Sampdoria Italy
49%
64 Torino Italy
48%
44 Eintracht Frankfurt Germany
47%
46 Monaco France
47%
48 Werder Bremen Germany
46%
18 Hamburger Germany
44%
77 Legia Warsaw Poland
44%
= Red Star Belgrade Serbia
44%
42 Slavia Prague Czech Republic
44%
57 Panathinaikos Greece
43%
22 Rapid Wien Austria
43%
66 Stuttgart Germany
43%
55 Dinamo Zagreb Croatia
42%
36 Austria Wien Austria
40%
52 Bordeaux France
40%
91 Genoa Italy
40%
49 Spartak Moscow Russia
40%
79 Saint Etienne France
38%
78 Aberdeen Scotland
37%
26 Köln Germany
37%
67 Hajduk Split Croatia
36%
= Bayer Leverkusen Germany
35%
32 Goteborg Sweden
33%
83 Nantes France
30%
62 Standard Liege Belgium
27%
72 Hibernian Scotland
26%
53 Bologna Italy
25%
60 CSKA Sofia Bulgaria
23%
= Wolverhampton Wanderers England
23%
= Twente Netherlands
22%
= Slovan Bratislava Slovakia
21%
98 Dinamo Bucharest Romania
20%
= Espanyol Spain
20%
25 Ujpest Hungary
20%
63 Dundee United Scotland
17%
75 Ipswich Town England
16%
71 Dukla Prague Czech Republic
15%
= MTK Budapest Hungary
15%
= Dynamo Moscow Russia
14%
37 Real Zaragoza Spain
14%
68 Mechelen Belgium
12%
94 Magdeburg Germany
11%
= Stade Reims France
11%
100 Gornik Zabrze Poland
7%
43 Birmingham City England
5%
86 Carl Zeiss Jena Germany
5%
82 Dundee FC Scotland
5%
92 Dynamo Berlin Germany
4%
= Spartak Trnava Slovakia
4%
= Admira Austria
2%
90 Lokomotive Leipzig Germany
2%
58 First Wien Austria
1%
= OFK Belgrade Serbia
0%
No matching quizzes found
Score Distribution
Percent of People with Each Score
Percentile by Number Answered
Your Score History
You have not taken this quiz